| 000 | 00514nam a22001937a 4500 | ||
|---|---|---|---|
| 003 | OSt | ||
| 005 | 20150302171100.0 | ||
| 008 | 150302b xxu||||| |||| 00| 0 eng d | ||
| 020 | _a0-373-16213-8 | ||
| 040 | _cBMC | ||
| 082 | _a813.5 | ||
| 100 | 1 |
_932218 _aStuart, Anne |
|
| 245 | 1 | 0 |
_aBlue sage _cAnne Stuart |
| 260 |
_aWÃĄshington, D.C. _bHarlequin books _c1987 |
||
| 300 |
_a251 p. _c17 cm |
||
| 490 |
_aHarlquin America Romance _v213 |
||
| 650 | 2 | 4 |
_917595 _aNovela norteamericana |
| 942 |
_2ddc _cBK _hahoj |
||
| 999 |
_c19149 _d19149 |
||